书目信息 |
| 题名: |
高等数学学习指导
|
|
| 作者: | 沙淑波 , 王金平 主编 | |
| 分册: | ||
| 出版信息: | 青岛 中国海洋大学出版社 2003.08 |
|
| 页数: | 413页 | |
| 开本: | 20cm | |
| 丛书名: | ||
| 单 册: | ||
| 中图分类: | O13 | |
| 科图分类: | ||
| 主题词: | 高等数学--gao deng shu xue--高等学校--教学参考资料 | |
| 电子资源: | ||
| ISBN: | 7-81067-479-X | |
| 000 | 00932nam0 2200229 450 | |
| 001 | 012007597529 | |
| 005 | 20070515154752.46 | |
| 010 | @a7-81067-479-X@dCNY20.00 | |
| 100 | @a20070117d2003 km y0chiy0120 ea | |
| 101 | 0 | @achi |
| 102 | @aCN@b370000 | |
| 105 | @ay z 000yy | |
| 200 | 1 | @a高等数学学习指导@Agao deng shu xue xue xi zhi dao@f沙淑波, 王金平主编@Fsha shu bo,wang jin ping zhu bian |
| 210 | @a青岛@c中国海洋大学出版社@d2003.08 | |
| 215 | @a413页@d20cm | |
| 330 | @a本书为高校用书,内容涉及函数、极限、连续、导数与微分,中值定理与导数的应用,不定积分,积分及其应用,微分方程,向量代数与空间解析几何,多元函数微积分,无穷级数九章。每章含教学要求、内容提要与解题指导、习题解答、自测题四部分内容。 | |
| 606 | 0 | @a高等数学@Agao deng shu xue@x高等学校@j教学参考资料 |
| 690 | @aO13@v4 | |
| 701 | 0 | @a沙淑波@Asha shu bo@4主编 |
| 701 | 0 | @a王金平@Awang jin ping@4主编 |
| 801 | 0 | @aCN@c20070515 |
| 905 | @a10447@dO13@eS061 | |
| 高等数学学习指导/沙淑波, 王金平主编.-青岛:中国海洋大学出版社,2003.08 |
| 413页;20cm |
| ISBN 7-81067-479-X:CNY20.00 |
| 本书为高校用书,内容涉及函数、极限、连续、导数与微分,中值定理与导数的应用,不定积分,积分及其应用,微分方程,向量代数与空间解析几何,多元函数微积分,无穷级数九章。每章含教学要求、内容提要与解题指导、习题解答、自测题四部分内容。 |
| ● |
| 相关链接 |
|
|
|
正题名:高等数学学习指导
索取号:O13/S061
 
预约/预借
| 序号 | 登录号 | 条形码 | 馆藏地/架位号 | 状态 | 备注 |
| 1 | 235170 | 202351702 | 自科库401/401自科库 107排1列2层/ [索取号:O13/S061] | 在馆 | |
| 2 | 235171 | 202351711 | 自科库401/401自科库 107排1列2层/ [索取号:O13/S061] | 在馆 |